000 00806nam a2200241 a 4500
001 000023773
005 20240502120009.0
008 110113s1985 dr 000 0 spa d
040 _aDO-SdBNP
_bspa
_cBNPHU
082 _a320.980
_bS257c
100 1 _aSaunders, John J.
_d1919-
_948938
245 1 0 _aCulturas del poder :
_bproblemas del tercer mundo /
_cJohn J. Saunders.
260 _aSanto Domingo :
_bCorripio,
_c1985.
300 _a76 p. ;
_c24 cm.
500 _aIncluye bibliografía y notas al pie de páginas.
504 _aBibliografía : 73-76
590 _aInventariado, 2018/LP
650 4 _aPoder político
_93366
650 0 _aCampañas políticas
_93368
650 4 _aLiderazgo
_9115
651 4 _aAmérica Latina
_xPolítica Y Gobierno
_92618
910 _aValidado. Control de calidad EMS
999 _c23269
_d23269